Statistics for Jeopardy #8456

Click here to take the quiz!

General Stats

  • This quiz has been taken 49 times
  • The average score is 11 of 61

Answer Stats

CategoryCashClueAnswer% Correct
THE STATE I REP IN THE SENATE$600Mitt Romney, but it's not the state he governedUtah
79%
THE STATE I REP IN THE SENATE$400Marco RubioFlorida
75%
HODGEPODGE$200Irony alert: owners of a Noah's Ark replica in Kentucky sued insurers for not covering damage done by this 4-letter wordrain
61%
HILL & MOUNTAIN IDIOMS$200Someone at the top is this monarch, the title of an animated sitcomking of the hill
54%
FROM TV TO FILM$400"Nemesis" & "First Contact" are films based on "Star Trek: The Next Generation", with Patrick Stewart reprising this rolePicard
50%
HILL & MOUNTAIN IDIOMS$600To do this means to exaggerate a problem into something much largermake a mountain out of a molehill
46%
THE STATE I REP IN THE SENATE$200Cory BookerNew Jersey
43%
SCIENCE$200Argentiferous means containing or producing this metalsilver
43%
AMERICAN RIVERS$800This river forms part of the border between Kansas & the state it shares a name withthe Missouri
43%
THE STATE I REP IN THE SENATE$1000Tim Kaine, who ran for vice president; remember that?Virginia
43%
FROM TV TO FILM$600This actor took on the role of Dr. Richard Kimble, innocent & on the run in the film version of "The Fugitive"Harrison Ford
39%
HODGEPODGE$600parents.com's "Key to Soothing Fussy Infants" is to mimic this place; "swaddling... may trigger a calming reflex"the womb
39%
FROM TV TO FILM$200The 2000 movie version of this TV show added "Viva Rock Vegas" to the titleThe Flintstones
32%
THE STATE I REP IN THE SENATE$800Ben Sasse, of the western MidwestNebraska
29%
SCIENCE$600Tonic water contains a small amount of this alkaloid used in the treatment of malariaquinine
29%
HODGEPODGE$400In 1985 the Cubs' speedy Davey Lopes had 47 of these, failing only 4 times--not bad for a 40-year-old!stolen base
29%
HODGEPODGE$800Here's the Appennine Colossus, Giambologna's 16th century statue in this region of Italy that includes Pisa & FlorenceTuscany
29%
KNOTTY BY NATURE$400ties.com says a half this "is medium in size, nearly symmetrical &... produces a deep & substantial dimple"a Windsor
25%
SCIENCE$400Crabs reabsorb calcium carbonate from their old shells and secrete enzymes to shed them in this process of getting new dudsmolting
25%
"Y" IN THE MIDDLE$400Pumpernickel is a cousin to this breadrye
25%
FROM TV TO FILM$1000Futuristic assassin Aeon Flux, who started on an animated series on MTV, came to the movies played by this actressCharlize Theron
21%
SCIENCE$1000Also known as a thunderhead, this 12-letter type of cloud extends through all 3 levels of altitude classificationcumulonimbus
21%
HILL & MOUNTAIN IDIOMS$800Reaching one's highest level of efficiency; you don't want to be doing it "too soon"peaking
21%
KNOTTY BY NATURE$200The knot called this hitch or bend is used to ensure your boat's rope stays attached to a certain heavy objectanchor
18%
HILL & MOUNTAIN IDIOMS$1000Be flexible: "If the mountain won't come to" this prophet, he "must go to the mountain"Muhammad
18%
KNOTTY BY NATURE$600It's similar to a noose knot & is used as the first loop in knitting; it's also a Corey Taylor metal bandslip knot
18%
HILL & MOUNTAIN IDIOMS$400A course of action with the potential for greater difficulties is this alliterative downhill coursea slippery slope
14%
SCIENCE$800This disease was first identified due to a 1976 convention in PhiladelphiaLegionnaires
14%
"Y" IN THE MIDDLE$800You can have fun for one in this type of boata kayak
11%
FROM TV TO FILM$800In 2 film versions of a TV sitcom, Shelley Long played this characterCarol Brady
11%
AT HOME$400When it's late at home, I'll use my Kindle Oasis or Nook Glowlight, which are these, to catch up on my Flauberte-reader
11%
AT HOME$1200I like to make popcorn with this Indian clarified butter; I swear it makes it crispierghee
11%
KNOTTY BY NATURE$800A type of double overhand knot used in fishing is named for this kind of doctorsurgeon
11%
AMERICAN RIVERS$400The largest river to empty into the Pacific in North America, it makes a huge gorge in the Cascadesthe Columbia
11%
THRONE OUT$1600Oliver Cromwell's defeat of the 2 kings of this name ended the English Civil WarsCharles
7%
INSTRUMENTAL TO THE SONG$800Electric guitarist on "Roll Over Beethoven" (1956)Chuck Berry
7%
INSTRUMENTAL TO THE SONG$1600Drummer on "Come As You Are" (1991)Grohl
7%
AMERICAN RIVERS$2000The "rap" on this river: it's entirely in Virginia & its name is from Algonquian for "stream with quick rising waters"Rappahannock
7%
THRONE OUT$2000In 1944 King Michael ousted premier Ion Antonescu in this country; Communists tossed Michael in 1947Romania
7%
AT HOME$800Some prefer sheets with this measure of more than 1,000; ours are comfy enoughthread count
7%
THRONE OUT$1200King Louis-Philippe was ousted in 1848--France never liked him walking around like a British businessman, in a suit & carrying thisan umbrella
4%
KNOTTY BY NATURE$1000Improperly tied, this type of knot is called a granny knota square knot
4%
"Y" IN THE MIDDLE$1200Bartholomew in Arkansas & Louisiana is the longest this type of sluggish body of water, at over 350 milesbayou
4%
INSTRUMENTAL TO THE SONG$400He plays piano on "Clocks" (2002)Chris Martin
4%
INSTRUMENTAL TO THE SONG$1200Saxophonist on "Jungleland" (1975) & "Dancing In The Dark" (1984)(Clarence) Clemons
4%
AMERICAN RIVERS$1600Before emptying into the Gulf of Mexico, the Pearl River flows through this capitalJackson, Mississippi
4%
"Y" IN THE MIDDLE$2000It's sometimes referred to as a long-horned grasshopperkatydid
4%
AMERICAN RIVERS$1200This word comes before "Bow" in a Wyoming river & before "Lodge" in a Kansas riverMedicine
4%
THRONE OUT$800This world leader renounced his throne on March 15, 1917; 16 months later, he was deadNicholas II
4%
"Y" IN THE MIDDLE$1600A triangle is the simplest form of this type of closed plane figure bounded by straight linespolygon
4%
PLAYS$800In the Czech play "R.U.R.". which gave the world this word, one of them says, "Mankind is no more. Mankind gave us too little life"robot
4%
THRONE OUT$400Liliuokalani was the first & last reigning queen of these islandsthe Hawaii Islands
4%
PLAYS$1200A critic called Harold Pinter's "The Birthday Party" a "comedy of menace", punning on this phrase for plays about high societya comedy of manners
0%
PLAYS$2000This person's "Play" by Charles Fuller about Sgt. Waters & Captain Davenport arrived on B'way in 2020, 38 years after winning a PulitzerA Soldier\'s Play
0%
AT HOME$1600At home, we like varietals at different temperatures, so we've invested in a dual zone one of thesea wine refrigerator
0%
INSTRUMENTAL TO THE SONG$2000Keyboardist on "You Make Loving Fun" (1977)Christine McVie
0%
HISTORIC BUSINESSMENN/ABorn in the village of Waldorf, Germany in 1763, he arrived in the U.S. in 1784(John Jacob) Astor
0%
HODGEPODGE$1000Looking like they're sent from heaven, a translucent sea this can stay attached to a mate for four hours & still hunt prey togethersea angel
0%
PLAYS$400Sophie Treadwell's 1928 play "Machinal" explores how a woman can be driven to murder & end her days in this seatthe electric chair
0%
PLAYS$1600In a Ben Jonson play Voltore ("vulture") hopes to inherit the fortune of this title character whose name means "fox"Volpone
0%
AT HOME$2000I'll relax to some patriotic jazz with the 2021 album "The Democracy! Suite" from this man's Jazz at Lincoln Center Orchestra septetWynton Marsalis
0%

Score Distribution

Percentile by Number Answered

Percent of People with Each Score

Your Score History

You have not taken this quiz